00881nam a22002417a 4500003000500000008004100005020001800046040000800064041001300072082001800085100003400103245001200137250002700149260005200176300003700228336002700265337003300292338002900325505019000354650002700544650003900571650002900610BPGM260626e1990 mx ||||g |||| 000 f spa d a968-6140-60-3 bspa aspahspa04a862MbF74/T42 aFRIAS Y SOTO, LUCIANOeAUTOR  aTEATRO  aPRIMERA EDICCIONb1990 aMEXICObGOBIERNO DEL ESTADO DE QUERETARO c1990 a´192 paginas c21 cm x 13.9 cm  2rdacontentatextobtxt 2rdamediaasin mediaciónbn 2rdacarrieravolumen bnc aes una recopilación de piezas dramáticas que reflejan la tradición cultural y literaria de Querétaro y México en el siglo XIX, con un marcado estilo romántico y patriótico 2LITERATURA Y RETORICA  2LITERATURA ESPAÑOLA Y PORTUGUESA 2NOVELÍSTICA ESPAÑOLA